| Поле | Название | Значение |
| |
Тип записи |
a |
| |
Библиографический уровень |
m |
| 001 |
Контрольный номер |
RuMoRGB-006694105 |
| 005 |
Дата корректировки |
20201206205141.8 |
| 010 |
Индекс ISBN |
__ |
| a |
ISBN |
978-5-903966-33-2 (в пер.) |
| d |
Цена |
400-40, 2000 экз. |
| 021 |
№ государственной регистрации |
__ |
| b |
№ документа |
13-90579 |
| 100 |
Данные общей обработки |
__ |
| a |
Данные общей обработки |
19131111d2013 |||y0rusy0189 ca |
| 101 |
Язык документа |
0_ |
| a |
Язык текста |
rus |
| 102 |
Страна публикации |
__ |
| a |
Страна публикации |
ru |
| 102 |
Страна публикации |
__ |
| a |
Страна публикации |
ru |
| 105 |
Кодированные данные (монография) |
__ |
| a |
Кодированные данные (монография) |
aс|||||000zy |
| 200 |
Заглавие и сведения об ответственности |
1_ |
| a |
Заглавие |
Твоя Конституция |
| f |
Первые сведения об ответственности |
Сергей Ефремцев |
| b |
Общее обозначение материала |
Текст |
| 210 |
Выходные данные |
__ |
| a |
Место издания |
Челябинск |
| c |
Издательство |
Издательство Игоря Розина |
| d |
Дата издания |
2013 |
| 215 |
Физическое описание |
__ |
| a |
Объем |
102, [1] с. |
| c |
Иллюстрации/тип воспроизводства |
ил., портр., факс. |
| d |
Формат |
21 см |
| 225 |
Серия |
__ |
| a |
Серия |
Новое расписание |
| 320 |
Библиография |
__ |
| a |
Библиография |
Библиография: с. 102 (21 название) |
| 330 |
Аннотация |
__ |
| a |
Аннотация |
Эта книга - продолжение диалога с детьми и родителями, начатого в предыдущих книгах серии "Новое расписание". Диалога с детьми "изрядного возраста" и родителями тоже изрядными, не забывшими вкус слова и помнящими гоголевскую птицу-тройку. Разговор пойдет о важном, возможно, самом важном сейчас: о человеке и человечности, моральных нормах, свободе и несвободе, нравственных законах и запретах. О насущном и до поры невостребованном - о Конституции души. |
| 606 |
Тематические рубрики |
__ |
| a |
Основная рубрика |
Право |
| 606 |
Тематические рубрики |
__ |
| a |
Основная рубрика |
Конституционное (государственное) право в целом |
| y |
Географическая подрубрика |
Российская Федерация |
| y |
Географическая подрубрика |
Россия |
| y |
Географическая подрубрика |
РФ |
| 610 |
Ключевые слова |
__ |
| a |
Ключевые слова |
гарантии прав |
| a |
Ключевые слова |
государство |
| a |
Ключевые слова |
детская литература |
| a |
Ключевые слова |
душа |
| a |
Ключевые слова |
законодательство |
| a |
Ключевые слова |
законоположения |
| a |
Ключевые слова |
законы |
| a |
Ключевые слова |
заповеди |
| a |
Ключевые слова |
конституции |
| a |
Ключевые слова |
познавательная литература |
| a |
Ключевые слова |
права граждан |
| a |
Ключевые слова |
семейные кодексы |
| 686 |
Индексы других классификаций |
__ |
| 2 |
Код системы |
rubbks |
| a |
Классификационный индекс |
67.400.1; ст67.400 |
| 700 |
Автор |
_1 |
| a |
Фамилия |
Ефремцев |
| b |
Имя |
С. В. |
| g |
Полное личное имя |
Сергей Викторович |
| 4 |
Код отношения |
070 |
| 801 |
Источник записи |
_0 |
| a |
Страна |
ru |
| b |
Организация |
RuMoRKP |
| c |
Дата составления |
20131111 |
| g |
Правила каталогизации |
rpk |
| 801 |
Источник записи |
_2 |
| a |
Страна |
ru |
| b |
Организация |
Муниципальное бюджетное учреждение культуры "Централизованная библиотечная система" г. Сургут (Центральная городская библиотека им. А. С. Пушкина) |
| c |
Дата составления |
20131111 |
| 852 |
Данные о местонахождении |
__ |
| j |
Шифр хранения |
67.400.1 |
| i |
Авторский знак |
Е 92 |
| 901 |
Тип документа |
__ |
| a |
Ответственный |
КиК/Апакова |
| t |
Тип документа |
m |
| 903 |
Характеристики (МАРС) |
__ |
| a |
Дата передачи |
20180911 |
| 990 |
Данные о заказе (DOS) |
__ |
| j |
Количество экземпляров (DOS) |
5 |
| t |
N записи в КСУ для И/У (DOS) |
201809 |